| 000 | 00957nam0a2200301 4500 | ||
|---|---|---|---|
| 001 | RU\NLR\bibl\459661 | ||
| 005 | 20250623183717.0 | ||
| 035 | _a(NLR Aleph) 000453138 | ||
| 090 |
_a886720 _c886720 |
||
| 100 | _a20031113d1999 |||y0rusy50 ca | ||
| 101 | 0 | _arus | |
| 102 | _aRU | ||
| 105 | _ay ||||||||| | ||
| 200 | 1 |
_aНаличные расчеты на предпрятии _fВ.С. Вундер |
|
| 210 |
_aМ. _cБ.и. _d1999 |
||
| 215 |
_a136 с. _d20 |
||
| 225 | 1 |
_aЭкономико-правовой бюллетень _v9 |
|
| 606 | 0 |
_aКредитно-расчетные операции _yРоссийская Федерация _92203310 _3RU\NLR\auth\661323898 |
|
| 686 | _aУ26(2)26 | ||
| 686 | _aХ623.212.3 | ||
| 700 | 1 |
_aВундер _bВ. С. _4070 |
|
| 801 | 0 |
_aRU _bNLR _c20031114 _gPSBO |
|
| 801 | 1 |
_aRU _bNLR _c20031114 |
|
| 852 |
_aNLR _jП22/6224 |
||
| 942 | _cBOOK | ||
| 980 | _aNB | ||